Missing Word: Bands in Song Titles II Quiz Stats

 Plays Quiz Updated Oct 3, 2015

Challenge
Share
Tweet
Embed
Score 0/18 Timer 04:00
0 Plays Today
Song Missing Band % Correct
_____ Just Want to Have FunGirls
96.9%
Can't Buy Me ____Love
96.8%
Who Wants to _____ ForeverLive
90.1%
Over the _____Rainbow
89.1%
Us and _____Them
86.8%
Pour Some _____ On MeSugar
79.6%
All My Ex's Live in _____Texas
76.3%
Bird on the _____Wire
68.4%
Radio _____ EuropeFree
67.1%
Song Missing Band % Correct
Tangled Up In _____Blue
50.4%
Counting _____Stars
31.9%
Crosstown _____Traffic
27.9%
The Sky _____ UpLit
15.2%
_____ and All His FriendsDeath
13%
Can I Play with _____Madness
12.2%
Sister _____Morphine
9.6%
Throw Away Your _____Television
8.8%
River ____Styx
7.9%

Today's Daily Dose

You're not logged in!

Compare scores with friends on all Sporcle quizzes.
OR
Log In

You Might Also Like...

Show Comments

Extras

Top Quizzes Today


Score Distribution

Your Account Isn't Verified!

In order to create a playlist on Sporcle, you need to verify the email address you used during registration. Go to your Sporcle Settings to finish the process.

Report this User

Report this user for behavior that violates our Community Guidelines.

Details: